[Event "DEM U12 2025"]
[Site "Willingen GER"]
[Date "2025.06.10"]
[Round "4"]
[White "Nain, Medhansh"]
[Black "Obermair, Hannes"]
[Result "1-0"]
[Termination "normal"]
[Board "21"]
[WhiteElo "1732"]
[BlackElo "1663"]
[WhiteClock "00:36:19"]
[BlackClock "00:29:59"]
[PlyCount "51"]
[WhiteFideId "34684875"]
[BlackFideId "34640509"]
[EventCountry "GER"]
[EventRounds "9"]
[EventType "swiss"]
[EventDate "2025.06.07"]

1. e4 {[%clk 01:30:58]} {[%emt 00:00:03]} c5 {[%clk 01:30:56]} {[%emt
00:00:03]} 2. Nf3 {[%clk 01:31:23]} {[%emt 00:00:05]} Nc6 {[%clk 01:31:23]}
{[%emt 00:00:04]} 3. Bb5 {[%clk 01:31:49]} {[%emt 00:00:04]} e6 {[%clk
01:31:34]} {[%emt 00:00:19]} 4. O-O {[%clk 01:31:45]} {[%emt 00:00:33]} Nge7
{[%clk 01:31:40]} {[%emt 00:00:24]} 5. Re1 {[%clk 01:32:05]} {[%emt 00:00:10]}
g6 {[%clk 01:30:22]} {[%emt 00:01:49]} 6. c3 {[%clk 01:29:32]} {[%emt
00:03:03]} Bg7 {[%clk 01:28:29]} {[%emt 00:02:22]} 7. d4 {[%clk 01:29:23]}
{[%emt 00:00:39]} cxd4 {[%clk 01:27:36]} {[%emt 00:01:23]} 8. cxd4 {[%clk
01:28:17]} {[%emt 00:01:36]} d5 {[%clk 01:26:04]} {[%emt 00:02:01]} 9. e5
{[%clk 01:27:50]} {[%emt 00:00:58]} O-O {[%clk 01:23:48]} {[%emt 00:02:47]} 10.
Nc3 {[%clk 01:22:58]} {[%emt 00:05:23]} Qb6 {[%clk 01:19:33]} {[%emt 00:04:43]}
11. Bg5 {[%clk 01:08:12]} {[%emt 00:15:17]} h6 {[%clk 01:08:03]} {[%emt
00:11:59]} 12. Bxe7 {[%clk 00:58:24]} {[%emt 00:10:19]} Nxe7 {[%clk 01:07:36]}
{[%emt 00:00:57]} 13. Qd2 {[%clk 00:57:46]} {[%emt 00:01:08]} Rd8 {[%clk
01:04:27]} {[%emt 00:03:38]} 14. Rac1 {[%clk 00:54:05]} {[%emt 00:04:12]} a6
{[%clk 00:52:57]} {[%emt 00:11:59]} 15. Ba4 {[%clk 00:49:12]} {[%emt 00:05:24]}
Qa5 {[%clk 00:46:22]} {[%emt 00:06:58]} 16. Bb3 {[%clk 00:47:52]} {[%emt
00:01:58]} Bd7 {[%clk 00:44:23]} {[%emt 00:02:27]} 17. Nxd5 {[%clk 00:47:38]}
{[%emt 00:00:45]} Qxd2 {[%clk 00:38:41]} {[%emt 00:06:11]} 18. Nxe7+ {[%clk
00:47:06]} {[%emt 00:01:02]} Kf8 {[%clk 00:38:38]} {[%emt 00:00:33]} 19. Nxg6+
{[%clk 00:47:28]} {[%emt 00:00:08]} fxg6 {[%clk 00:39:01]} {[%emt 00:00:07]}
20. Nxd2 {[%clk 00:47:54]} {[%emt 00:00:04]} Bc6 {[%clk 00:39:01]} {[%emt
00:00:30]} 21. Rc4 {[%clk 00:39:16]} {[%emt 00:09:09]} Bb5 {[%clk 00:35:33]}
{[%emt 00:03:58]} 22. Rc3 {[%clk 00:37:48]} {[%emt 00:01:58]} Rxd4 {[%clk
00:33:40]} {[%emt 00:02:22]} 23. Nf3 {[%clk 00:38:07]} {[%emt 00:00:12]} Rd7
{[%clk 00:31:16]} {[%emt 00:02:53]} 24. Bxe6 {[%clk 00:37:30]} {[%emt
00:01:08]} Re7 {[%clk 00:31:04]} {[%emt 00:00:42]} 25. Bc4 {[%clk 00:36:40]}
{[%emt 00:01:20]} Bc6 {[%clk 00:29:59]} {[%emt 00:01:30]} 26. Nh4 {[%clk
00:36:19]} {[%emt 00:00:55]} 1-0

[Event "DEM U12 2025"]
[Site "Willingen GER"]
[Date "2025.06.10"]
[Round "4"]
[White "Haas, Leandro"]
[Black "Brückner, Julian"]
[Result "1-0"]
[Termination "normal"]
[Board "22"]
[WhiteElo "1730"]
[BlackElo "1802"]
[WhiteClock "01:23:24"]
[BlackClock "00:38:13"]
[PlyCount "95"]
[WhiteFideId "34632549"]
[BlackFideId "34630031"]
[EventCountry "GER"]
[EventRounds "9"]
[EventType "swiss"]
[EventDate "2025.06.07"]

1. e4 {[%clk 01:30:58]} {[%emt 00:00:02]} e5 {[%clk 01:30:49]} {[%emt
00:00:12]} 2. Nf3 {[%clk 01:31:09]} {[%emt 00:00:18]} Nc6 {[%clk 01:31:09]}
{[%emt 00:00:10]} 3. Bc4 {[%clk 01:31:17]} {[%emt 00:00:23]} Nf6 {[%clk
01:31:18]} {[%emt 00:00:20]} 4. d3 {[%clk 01:31:39]} {[%emt 00:00:10]} Be7
{[%clk 01:31:23]} {[%emt 00:00:24]} 5. Nc3 {[%clk 01:31:01]} {[%emt 00:01:08]}
d6 {[%clk 01:31:15]} {[%emt 00:00:38]} 6. h3 {[%clk 01:31:18]} {[%emt
00:00:13]} O-O {[%clk 01:30:54]} {[%emt 00:00:51]} 7. O-O {[%clk 01:31:37]}
{[%emt 00:00:11]} Na5 {[%clk 01:30:27]} {[%emt 00:00:57]} 8. Bb3 {[%clk
01:32:01]} {[%emt 00:00:06]} Nxb3 {[%clk 01:30:17]} {[%emt 00:00:40]} 9. axb3
{[%clk 01:32:27]} {[%emt 00:00:05]} c6 {[%clk 01:29:40]} {[%emt 00:01:06]} 10.
Be3 {[%clk 01:32:33]} {[%emt 00:00:24]} b6 {[%clk 01:23:54]} {[%emt 00:06:16]}
11. d4 {[%clk 01:31:13]} {[%emt 00:01:50]} exd4 {[%clk 01:23:58]} {[%emt
00:00:26]} 12. Nxd4 {[%clk 01:31:18]} {[%emt 00:00:24]} Qc7 {[%clk 01:23:11]}
{[%emt 00:01:17]} 13. f3 {[%clk 01:28:37]} {[%emt 00:03:12]} Rd8 {[%clk
01:21:42]} {[%emt 00:01:59]} 14. Qd2 {[%clk 01:24:13]} {[%emt 00:04:54]} d5
{[%clk 01:19:08]} {[%emt 00:03:03]} 15. exd5 {[%clk 01:24:32]} {[%emt
00:00:11]} Nxd5 {[%clk 01:19:04]} {[%emt 00:00:34]} 16. Nxd5 {[%clk 01:24:57]}
{[%emt 00:00:06]} Rxd5 {[%clk 01:19:15]} {[%emt 00:00:19]} 17. c4 {[%clk
01:24:40]} {[%emt 00:00:48]} Rd8 {[%clk 01:17:22]} {[%emt 00:02:22]} 18. Qf2
{[%clk 01:24:24]} {[%emt 00:00:45]} Bf6 {[%clk 01:14:25]} {[%emt 00:03:27]} 19.
Rfd1 {[%clk 01:24:22]} {[%emt 00:00:33]} c5 {[%clk 01:09:16]} {[%emt 00:05:39]}
20. Nb5 {[%clk 01:24:33]} {[%emt 00:00:19]} Rxd1+ {[%clk 01:08:34]} {[%emt
00:01:12]} 21. Rxd1 {[%clk 01:24:56]} {[%emt 00:00:08]} Qe7 {[%clk 01:07:33]}
{[%emt 00:01:29]} 22. Nc3 {[%clk 01:22:57]} {[%emt 00:02:30]} Bb7 {[%clk
01:05:42]} {[%emt 00:02:21]} 23. Kh1 {[%clk 01:22:02]} {[%emt 00:01:25]} Re8
{[%clk 01:04:42]} {[%emt 00:01:27]} 24. Re1 {[%clk 01:21:42]} {[%emt 00:00:51]}
Bh4 {[%clk 01:01:04]} {[%emt 00:04:09]} 25. g3 {[%clk 01:21:09]} {[%emt
00:01:03]} Bg5 {[%clk 01:00:29]} {[%emt 00:01:05]} 26. Bd2 {[%clk 01:21:13]}
{[%emt 00:00:27]} Qd7 {[%clk 00:50:41]} {[%emt 00:10:18]} 27. Rxe8+ {[%clk
01:21:32]} {[%emt 00:00:11]} Qxe8 {[%clk 00:51:02]} {[%emt 00:00:09]} 28. Bxg5
{[%clk 01:21:58]} {[%emt 00:00:04]} Qe6 {[%clk 00:51:04]} {[%emt 00:00:26]} 29.
Kg2 {[%clk 01:22:13]} {[%emt 00:00:16]} h6 {[%clk 00:50:53]} {[%emt 00:00:40]}
30. Bd2 {[%clk 01:22:11]} {[%emt 00:00:33]} Bc8 {[%clk 00:50:41]} {[%emt
00:00:41]} 31. g4 {[%clk 01:22:23]} {[%emt 00:00:18]} h5 {[%clk 00:50:23]}
{[%emt 00:00:47]} 32. Qe3 {[%clk 01:22:34]} {[%emt 00:00:20]} Qd7 {[%clk
00:50:15]} {[%emt 00:00:38]} 33. Nd5 {[%clk 01:22:38]} {[%emt 00:00:26]} hxg4
{[%clk 00:49:26]} {[%emt 00:01:19]} 34. hxg4 {[%clk 01:22:56]} {[%emt
00:00:12]} Bb7 {[%clk 00:47:46]} {[%emt 00:02:10]} 35. Qe7 {[%clk 01:22:38]}
{[%emt 00:00:48]} Qc6 {[%clk 00:47:48]} {[%emt 00:00:23]} 36. Bc3 {[%clk
01:22:15]} {[%emt 00:00:58]} b5 {[%clk 00:46:05]} {[%emt 00:02:13]} 37. Qd8+
{[%clk 01:22:38]} {[%emt 00:00:07]} Kh7 {[%clk 00:46:24]} {[%emt 00:00:11]} 38.
Qf8 {[%clk 01:23:01]} {[%emt 00:00:06]} Qg6 {[%clk 00:46:00]} {[%emt 00:00:55]}
39. Kg3 {[%clk 01:21:34]} {[%emt 00:01:58]} bxc4 {[%clk 00:44:44]} {[%emt
00:01:46]} 40. bxc4 {[%clk 01:21:42]} {[%emt 00:00:22]} Bxd5 {[%clk 00:40:30]}
{[%emt 00:04:45]} 41. cxd5 {[%clk 01:22:03]} {[%emt 00:00:08]} f6 {[%clk
00:40:35]} {[%emt 00:00:25]} 42. Qxc5 {[%clk 01:22:16]} {[%emt 00:00:17]} f5
{[%clk 00:40:17]} {[%emt 00:00:47]} 43. Qd4 {[%clk 01:22:27]} {[%emt 00:00:17]}
fxg4 {[%clk 00:40:08]} {[%emt 00:00:40]} 44. fxg4 {[%clk 01:22:24]} {[%emt
00:00:34]} Qd6+ {[%clk 00:40:01]} {[%emt 00:00:37]} 45. Qe5 {[%clk 01:22:48]}
{[%emt 00:00:07]} Qg6 {[%clk 00:39:35]} {[%emt 00:00:56]} 46. d6 {[%clk
01:22:45]} {[%emt 00:00:33]} Qd3+ {[%clk 00:39:56]} {[%emt 00:00:09]} 47. Kh4
{[%clk 01:23:07]} {[%emt 00:00:07]} Qg6 {[%clk 00:38:13]} {[%emt 00:02:14]} 48.
Qxg7+ {[%clk 01:23:24]} {[%emt 00:00:12]} 1-0

[Event "DEM U12 2025"]
[Site "Willingen GER"]
[Date "2025.06.10"]
[Round "4"]
[White "Menke, Raphael Wilhelm"]
[Black "Al Luwaisi, Omer"]
[Result "1/2-1/2"]
[Termination "normal"]
[Board "23"]
[WhiteElo "1803"]
[BlackElo "1683"]
[WhiteClock "00:32:51"]
[BlackClock "00:09:46"]
[PlyCount "90"]
[WhiteFideId "34621008"]
[BlackFideId "34645888"]
[EventCountry "GER"]
[EventRounds "9"]
[EventType "swiss"]
[EventDate "2025.06.07"]

1. e4 {[%clk 01:30:59]} c6 {[%clk 01:30:56]} {[%emt 00:00:04]} 2. d4 {[%clk
01:31:26]} {[%emt 00:00:04]} d5 {[%clk 01:31:23]} {[%emt 00:00:02]} 3. Nc3
{[%clk 01:31:52]} {[%emt 00:00:04]} dxe4 {[%clk 01:31:50]} {[%emt 00:00:04]} 4.
Nxe4 {[%clk 01:32:18]} {[%emt 00:00:03]} Nf6 {[%clk 01:32:13]} {[%emt
00:00:08]} 5. Nxf6+ {[%clk 01:32:39]} {[%emt 00:00:08]} exf6 {[%clk 01:32:37]}
{[%emt 00:00:06]} 6. c3 {[%clk 01:33:01]} {[%emt 00:00:08]} Bf5 {[%clk
01:33:02]} {[%emt 00:00:06]} 7. Ne2 {[%clk 01:33:01]} {[%emt 00:00:29]} Bd6
{[%clk 01:33:13]} {[%emt 00:00:20]} 8. Ng3 {[%clk 01:33:14]} {[%emt 00:00:16]}
Bg6 {[%clk 01:33:37]} {[%emt 00:00:07]} 9. Be2 {[%clk 01:32:08]} {[%emt
00:01:34]} O-O {[%emt 00:00:15]} 10. O-O {[%clk 01:32:14]} {[%emt 00:00:22]}
Nd7 {[%clk 01:34:06]} {[%emt 00:00:20]} 11. Be3 {[%clk 01:30:58]} {[%emt
00:01:46]} Re8 {[%clk 01:34:29]} {[%emt 00:00:07]} 12. Rc1 {[%clk 01:26:07]}
{[%emt 00:05:20]} Nf8 {[%clk 01:21:25]} {[%emt 00:13:35]} 13. c4 {[%clk
01:19:05]} {[%emt 00:07:32]} f5 {[%clk 01:02:00]} {[%emt 00:19:55]} 14. Nh5
{[%clk 00:54:42]} {[%emt 00:24:52]} Bxh5 {[%clk 00:42:12]} {[%emt 00:20:19]}
15. Bxh5 {[%clk 00:55:05]} {[%emt 00:00:06]} f4 {[%clk 00:42:12]} {[%emt
00:00:31]} 16. Bd2 {[%clk 00:55:01]} {[%emt 00:00:33]} g6 {[%clk 00:40:01]}
{[%emt 00:02:41]} 17. Bf3 {[%clk 00:53:57]} {[%emt 00:01:33]} Ne6 {[%clk
00:23:03]} {[%emt 00:17:29]} 18. Bc3 {[%clk 00:50:23]} {[%emt 00:04:04]} Ng5
{[%clk 00:19:57]} {[%emt 00:03:36]} 19. d5 {[%clk 00:44:44]} {[%emt 00:06:09]}
Nxf3+ {[%clk 00:17:32]} {[%emt 00:02:55]} 20. Qxf3 {[%clk 00:44:46]} {[%emt
00:00:29]} cxd5 {[%clk 00:12:12]} {[%emt 00:05:49]} 21. Qxd5 {[%clk 00:44:20]}
{[%emt 00:00:56]} Be5 {[%clk 00:11:44]} {[%emt 00:00:59]} 22. Bxe5 {[%clk
00:42:52]} {[%emt 00:01:57]} Qxd5 {[%clk 00:12:05]} {[%emt 00:00:10]} 23. cxd5
{[%clk 00:43:17]} {[%emt 00:00:04]} Rxe5 {[%clk 00:12:31]} {[%emt 00:00:04]}
24. Rfd1 {[%clk 00:43:28]} {[%emt 00:00:19]} Rd8 {[%clk 00:12:47]} {[%emt
00:00:15]} 25. d6 {[%clk 00:42:32]} {[%emt 00:01:25]} Rd7 {[%clk 00:12:27]}
{[%emt 00:00:51]} 26. Rd2 {[%clk 00:41:49]} {[%emt 00:01:12]} Re6 {[%clk
00:12:03]} {[%emt 00:00:55]} 27. Rcd1 {[%clk 00:42:05]} {[%emt 00:00:13]} Kg7
{[%clk 00:12:20]} {[%emt 00:00:14]} 28. f3 {[%clk 00:42:15]} {[%emt 00:00:20]}
f5 {[%clk 00:11:56]} {[%emt 00:00:54]} 29. Kf2 {[%clk 00:41:36]} {[%emt
00:01:08]} Kf6 {[%clk 00:10:17]} {[%emt 00:02:09]} 30. Rd3 {[%clk 00:38:07]}
{[%emt 00:03:59]} h6 {[%clk 00:08:05]} {[%emt 00:02:42]} 31. g3 {[%clk
00:37:06]} {[%emt 00:01:31]} fxg3+ {[%clk 00:07:39]} {[%emt 00:00:56]} 32. hxg3
{[%clk 00:37:27]} {[%emt 00:00:08]} g5 {[%clk 00:07:51]} {[%emt 00:00:19]} 33.
f4 {[%clk 00:37:11]} {[%emt 00:00:46]} g4 {[%clk 00:08:07]} {[%emt 00:00:14]}
34. Rh1 {[%clk 00:35:46]} {[%emt 00:01:54]} Kg6 {[%clk 00:08:18]} {[%emt
00:00:20]} 35. Rhd1 {[%clk 00:36:07]} {[%emt 00:00:09]} Kf6 {[%clk 00:08:44]}
{[%emt 00:00:04]} 36. Rb3 {[%clk 00:34:45]} {[%emt 00:01:52]} b6 {[%clk
00:09:00]} {[%emt 00:00:15]} 37. Rbd3 {[%clk 00:34:28]} {[%emt 00:00:45]} Kg6
{[%clk 00:09:11]} {[%emt 00:00:19]} 38. R1d2 {[%clk 00:34:08]} {[%emt
00:00:51]} Kf6 {[%clk 00:09:29]} {[%emt 00:00:12]} 39. b4 {[%clk 00:33:52]}
{[%emt 00:00:46]} b5 {[%clk 00:09:38]} {[%emt 00:00:22]} 40. Rd5 {[%clk
00:33:54]} {[%emt 00:00:27]} a6 {[%clk 00:09:59]} {[%emt 00:00:09]} 41. a3
{[%clk 00:34:04]} {[%emt 00:00:19]} Kg6 {[%clk 00:08:50]} {[%emt 00:01:40]} 42.
Kg2 {[%clk 00:32:06]} {[%emt 00:02:28]} Kf6 {[%clk 00:08:31]} {[%emt 00:00:50]}
43. Kf2 {[%clk 00:32:19]} {[%emt 00:00:16]} Kg6 {[%clk 00:08:57]} {[%emt
00:00:05]} 44. Kg2 {[%clk 00:32:27]} {[%emt 00:00:22]} Kf6 {[%clk 00:09:23]}
{[%emt 00:00:03]} 45. Kf2 {[%clk 00:32:51]} {[%emt 00:00:05]} Kg6 {[%clk
00:09:46]} 1/2-1/2

[Event "DEM U12 2025"]
[Site "Willingen GER"]
[Date "2025.06.10"]
[Round "4"]
[White "Geschke, Jonathan"]
[Black "Döscher, Rasmus"]
[Result "1/2-1/2"]
[Termination "normal"]
[Board "24"]
[WhiteElo "1667"]
[BlackElo "1569"]
[WhiteClock "00:22:12"]
[BlackClock "01:10:41"]
[PlyCount "88"]
[WhiteFideId "34636129"]
[BlackFideId "34625038"]
[EventCountry "GER"]
[EventRounds "9"]
[EventType "swiss"]
[EventDate "2025.06.07"]

1. e4 {[%clk 01:30:59]} {[%emt 00:20:38]} c6 {[%clk 01:30:54]} {[%emt
00:00:06]} 2. d4 {[%clk 01:31:23]} {[%emt 00:00:06]} d5 {[%clk 01:31:23]}
{[%emt 00:00:02]} 3. exd5 {[%clk 01:31:47]} {[%emt 00:00:06]} cxd5 {[%clk
01:31:42]} {[%emt 00:00:11]} 4. Bd3 {[%clk 01:32:11]} {[%emt 00:00:05]} g6
{[%clk 01:31:54]} {[%emt 00:00:18]} 5. Bf4 {[%clk 01:27:42]} {[%emt 00:04:59]}
Bg7 {[%clk 01:31:47]} {[%emt 00:00:37]} 6. c3 {[%clk 01:27:43]} {[%emt
00:00:30]} Nh6 {[%clk 01:31:48]} {[%emt 00:00:29]} 7. Nd2 {[%clk 01:23:36]}
{[%emt 00:04:37]} O-O {[%clk 01:31:44]} {[%emt 00:00:34]} 8. Ngf3 {[%clk
01:21:00]} {[%emt 00:03:06]} f6 {[%clk 01:31:12]} {[%emt 00:01:02]} 9. O-O
{[%clk 01:20:35]} {[%emt 00:00:54]} Nf7 {[%clk 01:31:28]} {[%emt 00:00:15]} 10.
Re1 {[%clk 01:16:10]} {[%emt 00:04:53]} Nc6 {[%clk 01:30:07]} {[%emt 00:01:53]}
11. Bb5 {[%clk 01:09:26]} {[%emt 00:07:12]} Bg4 {[%clk 01:26:57]} {[%emt
00:03:41]} 12. Qa4 {[%clk 01:03:05]} {[%emt 00:06:51]} Bd7 {[%clk 01:16:38]}
{[%emt 00:10:49]} 13. Qb3 {[%clk 00:55:51]} {[%emt 00:07:43]} a6 {[%clk
01:16:07]} {[%emt 00:01:03]} 14. Bxc6 {[%clk 00:51:41]} {[%emt 00:04:39]} Bxc6
{[%clk 01:16:29]} {[%emt 00:00:09]} 15. Qb4 {[%clk 00:51:25]} {[%emt 00:00:42]}
Re8 {[%clk 01:16:21]} {[%emt 00:00:41]} 16. Nb3 {[%clk 00:48:10]} {[%emt
00:03:45]} e5 {[%clk 01:11:39]} {[%emt 00:05:12]} 17. dxe5 {[%clk 00:46:01]}
{[%emt 00:02:38]} Bf8 {[%clk 01:04:23]} {[%emt 00:07:47]} 18. Qd4 {[%clk
00:38:58]} {[%emt 00:07:32]} Bg7 {[%clk 00:59:43]} {[%emt 00:05:11]} 19. exf6
{[%clk 00:36:47]} {[%emt 00:02:41]} Bxf6 {[%clk 00:59:05]} {[%emt 00:01:09]}
20. Qd2 {[%clk 00:36:17]} {[%emt 00:00:57]} Nd6 {[%clk 00:56:42]} {[%emt
00:02:56]} 21. Rxe8+ {[%clk 00:35:52]} {[%emt 00:00:56]} Nxe8 {[%clk 00:57:06]}
{[%emt 00:00:05]} 22. Nfd4 {[%clk 00:35:00]} {[%emt 00:01:20]} Nd6 {[%clk
00:55:51]} {[%emt 00:01:47]} 23. Nxc6 {[%clk 00:33:19]} {[%emt 00:02:10]} bxc6
{[%clk 00:56:08]} {[%emt 00:00:13]} 24. Nd4 {[%clk 00:33:07]} {[%emt 00:00:41]}
Ne4 {[%clk 00:54:51]} {[%emt 00:01:49]} 25. Qe3 {[%clk 00:28:54]} {[%emt
00:04:40]} Qb6 {[%clk 00:54:14]} {[%emt 00:01:10]} 26. Nb3 {[%clk 00:24:45]}
{[%emt 00:04:37]} Qb7 {[%clk 00:53:51]} {[%emt 00:00:55]} 27. f3 {[%clk
00:24:37]} {[%emt 00:00:37]} Re8 {[%clk 00:53:40]} {[%emt 00:00:41]} 28. fxe4
{[%clk 00:20:57]} {[%emt 00:04:11]} Rxe4 {[%clk 00:53:59]} {[%emt 00:00:10]}
29. Qd2 {[%clk 00:20:21]} {[%emt 00:01:05]} Qa7+ {[%clk 00:53:06]} {[%emt
00:01:24]} 30. Kh1 {[%clk 00:20:09]} {[%emt 00:00:41]} Qe7 {[%clk 00:53:18]}
{[%emt 00:00:20]} 31. Nd4 {[%clk 00:14:14]} {[%emt 00:06:16]} c5 {[%clk
00:49:48]} {[%emt 00:04:09]} 32. Nf3 {[%clk 00:13:27]} {[%emt 00:01:15]} d4
{[%clk 00:48:32]} {[%emt 00:01:48]} 33. cxd4 {[%clk 00:13:36]} {[%emt
00:00:21]} cxd4 {[%clk 00:48:35]} {[%emt 00:00:27]} 34. Re1 {[%clk 00:12:11]}
{[%emt 00:01:47]} d3 {[%clk 00:47:51]} {[%emt 00:01:22]} 35. Rxe4 {[%clk
00:10:41]} {[%emt 00:02:00]} Qxe4 {[%clk 00:48:15]} {[%emt 00:00:06]} 36. h3
{[%clk 00:06:48]} {[%emt 00:04:18]} Qc4 {[%clk 00:42:29]} {[%emt 00:06:20]} 37.
b3 {[%clk 00:03:58]} {[%emt 00:03:21]} Qe4 {[%clk 00:41:12]} {[%emt 00:01:47]}
38. Qe3 {[%clk 00:03:26]} {[%emt 00:01:01]} Qd5 {[%clk 00:40:19]} {[%emt
00:01:24]} 39. Qe8+ {[%clk 00:03:14]} {[%emt 00:00:41]} Kg7 {[%clk 00:40:38]}
{[%emt 00:00:12]} 40. Be5 {[%clk 00:02:28]} {[%emt 00:01:16]} Bxe5 {[%clk
00:40:37]} {[%emt 00:00:52]} 41. Nxe5 {[%clk 00:00:31]} {[%emt 00:02:28]} d2
{[%clk 00:40:08]} {[%emt 00:00:59]} 42. Qe7+ {[%clk 00:26:45]} {[%emt
00:04:14]} Kg8 {[%clk 01:09:54]} {[%emt 00:00:44]} 43. Qe8+ {[%clk 00:23:33]}
{[%emt 00:03:43]} Kg7 {[%clk 01:10:16]} {[%emt 00:00:08]} 44. Qe7+ {[%clk
00:22:12]} {[%emt 00:01:52]} Kg8 {[%clk 01:10:41]} {[%emt 00:00:05]} 1/2-1/2

[Event "DEM U12 2025"]
[Site "Willingen GER"]
[Date "2025.06.10"]
[Round "4"]
[White "Varazi, Maxime"]
[Black "Shneider, Illia"]
[Result "1-0"]
[Termination "normal"]
[Board "26"]
[WhiteElo "1775"]
[BlackElo "1799"]
[WhiteClock "00:47:57"]
[BlackClock "00:06:26"]
[PlyCount "53"]
[WhiteFideId "34618929"]
[BlackFideId "34166300"]
[EventCountry "GER"]
[EventRounds "9"]
[EventType "swiss"]
[EventDate "2025.06.07"]

1. e4 {[%clk 01:30:42]} {[%emt 00:00:15]} c6 {[%clk 01:30:32]} {[%emt
00:00:31]} 2. d4 {[%clk 01:31:08]} {[%emt 00:00:04]} d5 {[%clk 01:30:38]}
{[%emt 00:00:24]} 3. e5 {[%clk 01:31:35]} {[%emt 00:00:02]} Bf5 {[%clk
01:30:55]} {[%emt 00:00:13]} 4. h4 {[%clk 01:32:01]} {[%emt 00:00:03]} h5
{[%clk 01:31:16]} {[%emt 00:00:09]} 5. Bd3 {[%clk 01:32:24]} {[%emt 00:00:07]}
Bxd3 {[%clk 01:31:34]} {[%emt 00:00:12]} 6. Qxd3 {[%clk 01:32:50]} {[%emt
00:00:04]} e6 {[%clk 01:31:57]} {[%emt 00:00:08]} 7. Nf3 {[%clk 01:33:14]}
{[%emt 00:00:06]} Ne7 {[%clk 01:31:52]} {[%emt 00:00:34]} 8. Bg5 {[%clk
01:33:14]} {[%emt 00:00:30]} Qb6 {[%clk 01:31:08]} {[%emt 00:01:13]} 9. Nbd2
{[%clk 01:30:28]} {[%emt 00:03:17]} Nd7 {[%clk 01:30:13]} {[%emt 00:01:26]} 10.
O-O {[%clk 01:30:17]} {[%emt 00:00:40]} Nf5 {[%clk 01:13:21]} {[%emt 00:17:21]}
11. c4 {[%clk 01:26:26]} {[%emt 00:04:22]} Be7 {[%clk 01:11:36]} {[%emt
00:02:14]} 12. cxd5 {[%clk 01:23:06]} {[%emt 00:03:52]} cxd5 {[%clk 01:08:21]}
{[%emt 00:03:44]} 13. Bxe7 {[%clk 01:21:04]} {[%emt 00:02:30]} Nxe7 {[%clk
01:04:43]} {[%emt 00:04:08]} 14. Rac1 {[%clk 01:20:27]} {[%emt 00:01:08]} Nc6
{[%clk 01:00:18]} {[%emt 00:04:54]} 15. a3 {[%clk 01:08:57]} {[%emt 00:12:02]}
a6 {[%clk 00:34:53]} {[%emt 00:25:56]} 16. Rc3 {[%clk 01:06:36]} {[%emt
00:02:48]} Rh6 {[%clk 00:25:02]} {[%emt 00:10:23]} 17. Rfc1 {[%clk 01:03:49]}
{[%emt 00:03:15]} Rg6 {[%clk 00:22:26]} {[%emt 00:03:08]} 18. Nb3 {[%clk
01:02:54]} {[%emt 00:01:24]} Rg4 {[%clk 00:22:16]} {[%emt 00:00:41]} 19. Qh7
{[%clk 00:55:44]} {[%emt 00:07:39]} Ke7 {[%clk 00:18:14]} {[%emt 00:04:34]} 20.
Qxh5 {[%clk 00:54:32]} {[%emt 00:01:40]} Rg6 {[%clk 00:11:44]} {[%emt
00:07:01]} 21. Ng5 {[%clk 00:49:33]} {[%emt 00:05:29]} Nxd4 {[%clk 00:09:57]}
{[%emt 00:02:17]} 22. Nxf7 {[%clk 00:47:25]} {[%emt 00:02:38]} Kxf7 {[%clk
00:09:37]} {[%emt 00:00:49]} 23. Nxd4 {[%clk 00:47:44]} {[%emt 00:00:12]} Qxd4
{[%clk 00:09:31]} {[%emt 00:00:36]} 24. Rf3+ {[%clk 00:47:48]} {[%emt
00:00:26]} Nf6 {[%clk 00:09:11]} {[%emt 00:00:50]} 25. Rc7+ {[%clk 00:47:36]}
{[%emt 00:00:42]} Kg8 {[%clk 00:09:07]} {[%emt 00:00:34]} 26. Qxg6 {[%clk
00:47:57]} {[%emt 00:00:08]} Qg4 {[%clk 00:06:26]} {[%emt 00:03:11]} 27. Rxg7+
{[%emt 00:00:41]} 1-0